000 00797nam a2200217Ii 4500
003 JO-AjNU
008 230605s9999||||xx |||||||||||||| ||und||
017 _a2005/5/1176
040 _aJO-AjNU
_bara
_erda
_cJO-AjNU
041 _aara
050 1 4 _aDS123.Y3776 2005
100 3 _aاعداد ياسين، رياض حموده,
_eauthor
_914730
245 0 0 _aموجز تاريخ القدس: سجل لأهم المحطات التاريخية
250 _aط1
264 3 1 _aعمان: منشورات اللجنة الملكية لشؤون القدس، 2005
300 _a123ص
_bرسوم توضيحية
336 _atext
_btxt
_2rdacontent
337 _aunmediated
_bn
_2rdamedia
338 _avolume
_bnc
_2rdacarrier
650 4 _aتاريخ القدس- القدس- تاريخ فلسطين
_914731
999 _aA3997
_c7565
_d7565